00565cam a22002291 4500001001300000003000400013005001700017008004100034010001700075025001600092035002000108040002100128042001200149050001600161100004400177245001500221260001100236300003200247500001800279650002100297999001700318sa 68003244 DLC20260227112451.0941101s1964 ce c 000 0 sino  asa 68003244  aPL480:c-124 a(OCoLC)31390553 aDLCcCUdCUdDLC apremarc00aBJ1289b.N31 aNandārāma, Āttiligoda,cSthavira.10aMiniskama. c[1964] aviii. 155 p.bport.c18 cm. aIn Sinhalese. 0aBuddhist ethics. c79334d79334